000 00581nam a2200217Ia 4500
008 101110s9999 xx 000 0 und d
041 _aENGLISH
082 _bSR31097
100 _aAinapure Varsha and Ainapure Mukund
245 _aDirect and indirect taxes Mcom part-II
260 _c2008
_bManan Prakashan, Mumbai
300 _a424
365 _b200
520 _aCommerce
546 _aENGLISH
630 _aDirect and indirect taxes Mcom part-II
650 _aCommerce
655 _aCommerce
730 _aDirect and indirect taxes Mcom part-II
942 _cBOOK
999 _c823600
_d823597